000
00291nam a2200109Ia 4500
008
220204s9999 xx 000 0 und d
082
_a
66.063.6(031)
_b
BER.1;1
245
0
_a
Encyclopedia of emulsion technology. V 1
260
_a
New York
_b
Dekker
_c
1983
700
_a
Becher, Paul
942
_c
BK
999
_c
38942
_d
38942